[Event "SC HP Boeblingen-VfL Sindelfingen"]
[Site "?"]
[Date "2003.04.27"]
[Round "9.8"]
[White "Werner, Bernd Michael"]
[Black "Panic, Branko"]
[Result "1/2-1/2"]
[WhiteElo "2110"]
[BlackElo "1961"]
[PlyCount "28"]
[EventDate "2003.??.??"]

1. e4 c6 2. c4 d5 3. cxd5 cxd5 4. exd5 Qxd5 5. Nc3 Qd8 6. d4 Nf6 7. d5 a6 8.
Be2 e6 9. dxe6 Qxd1+ 10. Bxd1 Bxe6 11. Bf3 Nc6 12. Nge2 Be7 13. O-O O-O 14. Re1
Rfe8 1/2-1/2

[Event "SC Lindenberg-SV Tuebingen"]
[Site "?"]
[Date "2003.04.27"]
[Round "9.1"]
[White "Roth, Juergen"]
[Black "Gaertner, Guntram"]
[Result "1-0"]
[WhiteElo "2254"]
[BlackElo "2312"]
[PlyCount "121"]
[EventDate "2003.??.??"]

1. d4 d5 2. Nf3 c6 3. e3 Nf6 4. c4 Bf5 5. Nc3 e6 6. Qb3 Qb6 7. c5 Qc7 8. Qa4
Nbd7 9. b4 Be7 10. b5 O-O 11. Be2 e5 12. dxe5 Ne4 13. Nxe4 Bxe4 14. bxc6 Nxc5
15. Qd4 bxc6 16. O-O Rab8 17. Bd2 Ne6 18. Qa4 Rb2 19. Ba5 Qb7 20. Nd2 Bc2 21.
Qg4 Bb4 22. Bxb4 Qxb4 23. Qxb4 Rxb4 24. Rfc1 Ba4 25. Rab1 Rfb8 26. Rxb4 Rxb4
27. Rb1 Rb6 28. Kf1 Kf8 29. Ke1 Ke7 30. Bd1 Nc5 31. Bxa4 Nxa4 32. Rc1 Nb2 33.
Rc3 Ra6 34. a3 Na4 35. Rb3 Rb6 36. Ke2 c5 37. Rxb6 axb6 38. Kd3 b5 39. Kc2 Kd7
40. Nb3 g5 41. f4 Ke6 42. g4 gxf4 43. exf4 d4 44. h4 Kd5 45. h5 c4 46. Nxd4 Nc5
47. Nxb5 Nd3 48. Nd6 Nxf4 49. Nxf7 Ne6 50. Kc3 Nc5 51. Ng5 h6 52. Nf7 Ne4+ 53.
Kc2 Ke6 54. Nxh6 Kxe5 55. a4 Nf6 56. Kc3 Kd5 57. a5 Kc5 58. a6 Ne4+ 59. Kc2 Kb6
60. Nf7 Nf6 61. h6 1-0

[Event "SC Lindenberg-SV Tuebingen"]
[Site "?"]
[Date "2003.04.27"]
[Round "9.2"]
[White "Grabher, Heinz"]
[Black "Frick, Christoph"]
[Result "1/2-1/2"]
[WhiteElo "2264"]
[BlackElo "2193"]
[PlyCount "108"]
[EventDate "2003.??.??"]

1. e4 c6 2. Nc3 d5 3. d4 dxe4 4. Nxe4 Nf6 5. Nxf6+ exf6 6. Bc4 Qe7+ 7. Qe2 Be6
8. Bxe6 Qxe6 9. Bf4 Nd7 10. O-O-O O-O-O 11. Qxe6 fxe6 12. Nf3 Nb6 13. Rhe1 Bd6
14. Bd2 Rhe8 15. Re4 Re7 16. b3 Rde8 17. c4 Nd7 18. Be3 g5 19. g4 h6 20. h4 c5
21. hxg5 hxg5 22. Rh1 cxd4 23. Rxd4 Bc5 24. Rd3 e5 25. Rd5 b6 26. Rh6 Re6 27.
Kd2 Rd6 28. Rxd6 Bxd6 29. Ke2 Bc5 30. Bxc5 bxc5 31. Nd2 e4 32. Rh3 Ne5 33. Re3
Nxg4 34. Rxe4 Ne5 35. Nf3 Kd7 36. Nxe5+ fxe5 37. Rg4 Rg8 38. Rg3 Ke6 39. Rh3 g4
40. Rh7 g3 41. fxg3 Rxg3 42. Rxa7 Kf5 43. Rc7 Ke4 44. Rxc5 Rg2+ 45. Kf1 Rxa2
46. b4 Kd3 47. b5 Rb2 48. Rc6 e4 49. b6 e3 50. c5 Rb1+ 51. Kg2 e2 52. Re6 Rb5
53. Kf2 Rxc5 54. Rxe2 Rb5 1/2-1/2

[Event "SC Lindenberg-SV Tuebingen"]
[Site "?"]
[Date "2003.04.27"]
[Round "9.3"]
[White "Khadempour, Farhad"]
[Black "Schmidlechner, Alexander"]
[Result "1-0"]
[WhiteElo "2168"]
[BlackElo "2230"]
[PlyCount "107"]
[EventDate "2003.??.??"]

1. c4 f5 2. Nf3 Nf6 3. g3 g6 4. Bg2 Bg7 5. O-O O-O 6. Nc3 d6 7. d3 Nc6 8. Rb1
a5 9. a3 Nh5 10. Bd2 f4 11. b4 axb4 12. axb4 Bg4 13. b5 Nd4 14. Nd5 fxg3 15.
hxg3 Nxf3+ 16. exf3 Bd7 17. Bg5 Nf6 18. f4 c6 19. bxc6 bxc6 20. Nb6 Bg4 21. Qb3
Rb8 22. Bxc6 Qc7 23. Bg2 Kh8 24. Rfe1 Qa7 25. Qa4 Qc7 26. Bxf6 Bxf6 27. Nd5
Rxb1 28. Rxb1 Qd8 29. Qa7 Kg7 30. Rb7 Kf7 31. Nxf6 Kxf6 32. Qd4+ Kf7 33. Bd5+
Be6 34. Qe4 Bxd5 35. Qxd5+ Kg7 36. Qe6 Rf7 37. Rd7 Qe8 38. Rxd6 Qa8 39. Rd7
Qa1+ 40. Kg2 Qa8+ 41. Qe4 Qxe4+ 42. dxe4 Kf6 43. e5+ Ke6 44. Rd8 Kf5 45. Kf3 h5
46. c5 g5 47. c6 e6 48. Rd7 Rf8 49. c7 Rc8 50. Rf7+ Kg6 51. Rf6+ Kg7 52. fxg5
Rxc7 53. Rxe6 Rc4 54. Rh6 1-0

[Event "SC Lindenberg-SV Tuebingen"]
[Site "?"]
[Date "2003.04.27"]
[Round "9.4"]
[White "Scheffknecht, Philipp"]
[Black "Weber, Klaus"]
[Result "1-0"]
[WhiteElo "2129"]
[BlackElo "2138"]
[PlyCount "99"]
[EventDate "2003.??.??"]

1. d4 d5 2. Nf3 Nf6 3. c4 dxc4 4. Qa4+ Nbd7 5. e3 e6 6. Bxc4 Be7 7. O-O O-O 8.
Qc2 c5 9. Rd1 cxd4 10. exd4 Nb6 11. Bd3 Nbd5 12. a3 b6 13. Nc3 Bb7 14. Ne4 Qc8
15. Nxf6+ Nxf6 16. Qe2 Bxf3 17. Qxf3 Nd5 18. Be4 Qd7 19. Bf4 f5 20. Bxd5 exd5
21. Be5 Rac8 22. Qg3 g6 23. Qh3 Rc2 24. Qh6 Bd6 25. Rd2 Rxd2 26. Qxd2 Bxe5 27.
dxe5 Rc8 28. Rd1 Kf7 29. h4 Ke6 30. Qd4 Rc5 31. Rd3 Qc6 32. f4 Rc4 33. Rc3 Rxd4
34. Rxc6+ Ke7 35. g3 Rd2 36. Rc7+ Ke6 37. Rxh7 d4 38. Rg7 d3 39. Rxg6+ Kd5 40.
Rd6+ Ke4 41. Kf1 Kf3 42. Ke1 Ke3 43. e6 Re2+ 44. Kf1 Kd2 45. h5 Re1+ 46. Kg2
Re2+ 47. Kh3 Kc2 48. h6 d2 49. h7 Re1 50. e7 1-0

[Event "SC Lindenberg-SV Tuebingen"]
[Site "?"]
[Date "2003.04.27"]
[Round "9.5"]
[White "Trettin, Ulrich"]
[Black "Doskocil, Klaus"]
[Result "1-0"]
[WhiteElo "2040"]
[BlackElo "2096"]
[PlyCount "57"]
[EventDate "2003.??.??"]

1. d4 e5 2. dxe5 Nc6 3. Nf3 Qe7 4. Nbd2 Nxe5 5. e3 d5 6. Nxe5 Qxe5 7. Nf3 Qh5
8. Be2 Bg4 9. O-O Bd6 10. h3 Bxh3 11. gxh3 Qxh3 12. Qxd5 Nf6 13. Qg5 Ng4 14.
Qh4 Bh2+ 15. Kh1 Nxf2+ 16. Rxf2 Qxh4 17. Nxh4 Bg3 18. Rf4 Bxf4 19. exf4 O-O-O
20. Be3 Rhe8 21. Ng2 Rd6 22. Bd3 Kb8 23. Re1 b6 24. Bd2 Red8 25. Bc3 f6 26. Re7
g5 27. fxg5 fxg5 28. Rxh7 Re6 29. Kg1 1-0

[Event "SV Marbach-Post- SV Ulm"]
[Site "?"]
[Date "2003.04.27"]
[Round "9.2"]
[White "Sieglen, Joachim"]
[Black "Mueller, Ralf"]
[Result "1/2-1/2"]
[WhiteElo "2349"]
[BlackElo "2279"]
[PlyCount "72"]
[EventDate "2003.??.??"]

1. d4 Nf6 2. c4 g6 3. Nc3 d5 4. Nf3 Bg7 5. Bf4 O-O 6. Rc1 dxc4 7. e4 Bg4 8.
Bxc4 Nh5 9. Be3 Nc6 10. d5 Na5 11. Be2 c6 12. b4 cxd5 13. exd5 b5 14. Nxb5 Nb7
15. h3 Bd7 16. Nxa7 Nf4 17. Bxf4 Rxa7 18. Bc4 Nd6 19. Bb3 Qb6 20. O-O Qxb4 21.
Be3 Rb7 22. Bc5 Qf4 23. Re1 Bf6 24. Be3 Qb4 25. Bd4 Nf5 26. Bxf6 exf6 27. Rc4
Qb6 28. Nd4 Nd6 29. Rc1 Rc8 30. Rxc8+ Bxc8 31. Qd2 Kg7 32. Rc1 Re7 33. Rc6 Qd8
34. Qb4 Ne4 35. Qb8 Nd2 36. Rc1 Qe8 1/2-1/2

[Event "SV Marbach-Post- SV Ulm"]
[Site "?"]
[Date "2003.04.27"]
[Round "9.3"]
[White "Oberst, Thomas"]
[Black "Eisele, Steffen"]
[Result "1-0"]
[WhiteElo "2227"]
[BlackElo "2208"]
[PlyCount "119"]
[EventDate "2003.??.??"]

1. e4 g6 2. Nc3 Bg7 3. g3 d6 4. Bg2 e6 5. d3 Ne7 6. h4 c5 7. h5 Nbc6 8. Be3 Nd4
9. Qd2 Nec6 10. Nd1 Qa5 11. Qxa5 Nxa5 12. Rc1 Nac6 13. c3 Nb5 14. f4 e5 15. h6
Bf6 16. Nf2 Be6 17. a3 Be7 18. Nf3 f5 19. O-O O-O 20. Nh3 Rae8 21. Nfg5 Bxg5
22. Nxg5 fxe4 23. Bxe4 Nc7 24. fxe5 Rxf1+ 25. Rxf1 Nxe5 26. Nxe6 Rxe6 27. Bxb7
Nxd3 28. Bg5 Re5 29. Bf6 Rf5 30. Be7 Kf7 31. Bxd6 Ne8 32. Bb8 Rxf1+ 33. Kxf1 a5
34. b3 Ke6 35. Bc6 Nd6 36. Bc7 Nf5 37. Bxa5 Nxg3+ 38. Kg2 Nf5 39. b4 Nxh6 40.
Bb5 Ne5 41. Be2 Kd5 42. b5 Nf5 43. Bc7 c4 44. b6 Nd6 45. a4 Nc6 46. Bf3+ Kc5
47. Kg3 g5 48. Kh3 h6 49. Kh2 Na5 50. Kg2 Nc6 51. Kh3 Ne8 52. Kg4 Nf6+ 53. Kf5
Nd7 54. b7 Ncb8 55. Ke6 g4 56. Bh1 h5 57. Ke7 h4 58. Kd8 h3 59. Kc8 g3 60. Bxg3
1-0

[Event "SV Marbach-Post- SV Ulm"]
[Site "?"]
[Date "2003.04.27"]
[Round "9.4"]
[White "Brodbeck, Stefan"]
[Black "Kaiser, Dieter"]
[Result "1-0"]
[WhiteElo "2127"]
[BlackElo "2280"]
[PlyCount "77"]
[EventDate "2003.??.??"]

1. e4 c5 2. Nf3 Nc6 3. Bb5 e6 4. Bxc6 bxc6 5. O-O d5 6. e5 Nh6 7. d3 Nf5 8. Re1
Be7 9. Nbd2 h5 10. Nf1 Rb8 11. b3 a5 12. Bd2 g5 13. h3 Ba6 14. Ng3 Nxg3 15.
fxg3 Kd7 16. Nh2 Qb6 17. Kh1 Rbg8 18. g4 h4 19. Rf1 Rg7 20. Qe1 Bd8 21. Rb1 Qc7
22. Nf3 Bc8 23. Nxg5 Ke8 24. Nf3 Qa7 25. Qc1 Rhg8 26. Qa3 Ba6 27. Be3 d4 28.
Bf4 Bb5 29. Nd2 Be7 30. Qc1 a4 31. Ne4 Kd8 32. Bh6 Rh7 33. Bg5 axb3 34. Bxe7+
Kxe7 35. axb3 Rhg7 36. Ra1 Qc7 37. Qf4 Rd8 38. Qf6+ Kf8 39. Ra7 1-0

[Event "SV Marbach-Post- SV Ulm"]
[Site "?"]
[Date "2003.04.27"]
[Round "9.5"]
[White "Pieper, Thomas"]
[Black "Lach, Bernhard"]
[Result "1-0"]
[WhiteElo "2210"]
[BlackElo "2180"]
[PlyCount "74"]
[EventDate "2003.??.??"]

1. e4 e5 2. Nf3 Nc6 3. Bc4 Nf6 4. Ng5 d5 5. exd5 Na5 6. Bb5+ c6 7. dxc6 bxc6 8.
Be2 h6 9. Nf3 e4 10. Ne5 Bd6 11. f4 Qc7 12. O-O O-O 13. Nc3 Re8 14. h3 Bxe5 15.
fxe5 Qxe5 16. d4 Qe7 17. Qe1 c5 18. d5 Nb7 19. Qg3 e3 20. Rf3 Nh5 21. Qh2 Qg5
22. h4 Qg6 23. Rxe3 Bg4 24. Bb5 Rxe3 25. Bxe3 Nd6 26. Bd3 Bf5 27. Bxc5 Ne4 28.
Nxe4 Bxe4 29. Rd1 Re8 30. Bxe4 Qxe4 31. Rf1 Qxd5 32. Bxa7 Re2 33. Qh3 Rxc2 34.
Qf3 Qxf3 35. Rxf3 Rxb2 36. Rf2 Rb1+ 37. Kh2 Rb7 1-0

[Event "SV Marbach-Post- SV Ulm"]
[Site "?"]
[Date "2003.04.27"]
[Round "9.6"]
[White "Escher, Thomas"]
[Black "Doerflinger, Josef"]
[Result "0-1"]
[WhiteElo "2191"]
[BlackElo "2239"]
[PlyCount "100"]
[EventDate "2003.??.??"]

1. e4 e5 2. Nf3 Nc6 3. Bb5 a6 4. Ba4 Nf6 5. O-O Be7 6. Bxc6 dxc6 7. d3 Nd7 8.
b3 O-O 9. Bb2 Bf6 10. Nbd2 Re8 11. Nc4 b5 12. Na5 Nb8 13. b4 Qd6 14. Qd2 c5 15.
bxc5 Qxc5 16. Bc3 Bg4 17. Nb3 Qd6 18. Bb4 Qd8 19. Qe3 Nc6 20. Bc3 Qd6 21. a4
Be7 22. Nfd2 Qg6 23. f3 Bh3 24. Qe2 Bd7 25. axb5 axb5 26. Rxa8 Rxa8 27. Ra1 Ra4
28. Nf1 Qd6 29. Rd1 Be6 30. Qd2 b4 31. Bb2 Ra2 32. c4 bxc3 33. Qxc3 Qb4 34.
Nfd2 Qb6+ 35. Kf1 Bb4 36. Qc1 Bxd2 37. Rxd2 Bxb3 38. f4 f6 39. fxe5 Nxe5 40.
Bxe5 fxe5 41. Rxa2 Bxa2 42. Qa3 Qf6+ 43. Ke2 Be6 44. Qa7 Bg4+ 45. Kd2 Qb6 46.
Qa8+ Kf7 47. Qd5+ Qe6 48. Qd8 Qd6 49. Qb8 Qb6 50. Qd8 Qb2+ 0-1

[Event "SV Marbach-Post- SV Ulm"]
[Site "?"]
[Date "2003.04.27"]
[Round "9.7"]
[White "Stiller, Patrick"]
[Black "Rabl, Joerg Steffen"]
[Result "1/2-1/2"]
[WhiteElo "2155"]
[BlackElo "2093"]
[PlyCount "99"]
[EventDate "2003.??.??"]

1. d4 d5 2. c4 c6 3. Nf3 Nf6 4. Nc3 e6 5. e3 Nbd7 6. Be2 dxc4 7. Bxc4 b5 8. Bd3
Bb7 9. O-O a6 10. e4 c5 11. e5 cxd4 12. Nxb5 Bxf3 13. Qxf3 Nd5 14. Nxd4 Nxe5
15. Qe4 Nxd3 16. Qxd3 Bd6 17. Nf3 h6 18. Rd1 O-O 19. b3 Qf6 20. Rb1 Bb4 21. Bb2
Bc3 22. Ba3 Rfd8 23. Rbc1 a5 24. Bc5 Bb2 25. Bd4 Bxd4 26. Qxd4 Nc3 27. Qxf6
gxf6 28. Rxd8+ Rxd8 29. Ra1 Nxa2 30. g3 Nb4 31. Rxa5 Rd3 32. Rb5 Rxb3 33. Nd4
Rb2 34. Rb8+ Kg7 35. Rb7 Kg6 36. Rd7 Rd2 37. Nxe6 Rxd7 38. Nf8+ Kf5 39. Nxd7
Kg6 40. Nc5 f5 41. Kg2 Kg5 42. Kf3 Nd5 43. Nd3 Kf6 44. Nf4 Nc3 45. Ke3 Ke5 46.
Nd3+ Kf6 47. f3 Ke6 48. Nf4+ Ke5 49. Nd3+ Ke6 50. Nf4+ 1/2-1/2

[Event "SV Marbach-Post- SV Ulm"]
[Site "?"]
[Date "2003.04.27"]
[Round "9.8"]
[White "Rapp, Uwe"]
[Black "Preuss, Heiko"]
[Result "0-1"]
[WhiteElo "2066"]
[BlackElo "2187"]
[PlyCount "148"]
[EventDate "2003.??.??"]

1. b3 d5 2. Bb2 Nf6 3. e3 g6 4. f4 Bg7 5. Nf3 O-O 6. Be2 c5 7. O-O Nc6 8. Ne5
Qc7 9. Nxc6 Qxc6 10. Bf3 Be6 11. d3 Rad8 12. Nd2 Qc8 13. Qe2 b5 14. Be5 Nd7 15.
Bxg7 Kxg7 16. e4 Nf6 17. a4 b4 18. exd5 Nxd5 19. g3 Nc3 20. Qe3 Rd4 21. Bg2 Re8
22. Rae1 Bg4 23. Nf3 Rd6 24. Ne5 Bf5 25. Nc4 Ra6 26. Qf2 f6 27. Re3 Kf8 28.
Rfe1 Be6 29. Nd2 Bf5 30. Ne4 Bxe4 31. Bxe4 Rd6 32. Bg2 a5 33. Bf3 Qc7 34. Bg2
Kf7 35. Qf3 e6 36. Qg4 Re7 37. Qf3 Rd4 38. Bh3 f5 39. Bg2 Nd5 40. Re5 Qd6 41.
Qf2 Nf6 42. Bf3 h6 43. h4 Nd7 44. R5e3 Kf6 45. Kg2 Nf8 46. Rh1 Rg7 47. Kf1 Kf7
48. Ke1 Nd7 49. Bd1 Nb6 50. Bf3 Nd7 51. Be2 Nf6 52. Bf3 g5 53. hxg5 hxg5 54.
fxg5 Rxg5 55. Rh3 e5 56. Qe2 f4 57. gxf4 exf4 58. Re4 Rxe4 59. Bxe4 Qd4 60. Rh1
Nxe4 61. dxe4 Qa1+ 62. Qd1 Qxd1+ 63. Kxd1 Ke6 64. Rh8 Ke5 65. Re8+ Kd4 66. Ke2
Rg3 67. Ra8 Kxe4 68. Rxa5 Rg2+ 69. Kf1 Rxc2 70. Ra8 c4 71. Rb8 Kf3 72. Ke1 cxb3
73. Rxb4 b2 74. Rb3+ Kg2 0-1